|
|
|
|
| LEADER |
00000nam0a2200000 4500 |
| 001 |
11576 |
| 005 |
20231030183756.0 |
| 035 |
|
|
|a (RuTPU)RU\TPU\book\11648
|
| 035 |
|
|
|a BOOK00011714
|
| 090 |
|
|
|a 11576
|
| 100 |
|
|
|a 20011209d1999 u y0rusy50 ca
|
| 101 |
0 |
|
|a rus
|
| 102 |
|
|
|a RU
|
| 105 |
|
|
|a y n 0 0zy
|
| 200 |
1 |
|
|a Право и здоровье
|e справочно-информационное издание
|f авт.-сост. Е. Баляева
|
| 210 |
|
|
|a Томск
|d 1999
|
| 215 |
|
|
|a 176 с.
|
| 300 |
|
|
|a Комментарии специалистов по вопросам прав человека в отдельных сферах здравоохранения. Основополагающие документы, регулирующие охрану жизни и здоровья человека в РФ.
|
| 610 |
1 |
|
|a право
|
| 610 |
1 |
|
|a гражданское право
|
| 610 |
1 |
|
|a медицина
|
| 610 |
1 |
|
|a здоровье
|
| 610 |
1 |
|
|a охрана
|
| 610 |
1 |
|
|a Российская Федерация
|
| 610 |
1 |
|
|a права человека
|
| 610 |
1 |
|
|a медицинское страхование
|
| 610 |
1 |
|
|a обязательное медицинское страхование
|
| 610 |
1 |
|
|a медицинская деятельность
|
| 610 |
1 |
|
|a ущерб
|
| 610 |
1 |
|
|a пациенты
|
| 610 |
1 |
|
|a человек
|
| 610 |
1 |
|
|a жизнь
|
| 686 |
|
|
|a Х623
|v LBC/SL-A
|2 rubbk
|
| 702 |
|
1 |
|a Баляева
|g Екатерина
|
| 801 |
|
0 |
|a RU
|b 63413507
|c 20011209
|g PSBO
|
| 801 |
|
2 |
|a RU
|b 63413507
|c 20220426
|g PSBO
|
| 942 |
|
|
|c BK
|